000 01324cam a22003254a 4500
005 20230623092925.0
008 011025s2002 nyuab 001 0 eng
010 _a 2001006512
020 _a0471402613 (pbk. : acidfree paper)
040 _aDLC
_cDLC
_dDLC
042 _apcc
050 0 0 _b.H554 2002
082 0 0 _a005.276
_221
_bHJE-C
100 1 _aHjelm, Johan.
245 1 0 _aCreating location services for the wireless Web :
_bprofessional developer's guide /
_cJohan Hjelm.
260 _aNew York :
_bWiley,
_cc2002.
300 _axv, 431 p. :
_bill., map ;
_c24 cm. +
500 _aIncludes index.
650 0 _aWireless Application Protocol (Computer network protocol)
650 0 _aWeb site development.
650 0 _aGeographic information systems.
650 0 _aCell phone systems.
650 0 _aAutomatic tracking.
856 4 2 _3Contributor biographical information
_uhttp://www.loc.gov/catdir/bios/wiley042/2001006512.html
856 4 2 _3Publisher description
_uhttp://www.loc.gov/catdir/description/wiley035/2001006512.html
856 4 1 _3Table of contents
_uhttp://www.loc.gov/catdir/toc/wiley021/2001006512.html
906 _a7
_bcbc
_corignew
_d1
_eecip
_f20
_gy-gencatlg
999 _c18801
_d18801